00664nam a2200217Ia 450000500170000000800410001702000170005804000190007504100120009408200140010610000170012024500880013726000320022530000110025765000260026870000150029485000110030994200070032099900170032795201020034420230913094726.0131103s9999 xx 000 0 und d aSBN223976210 aLoreto College aEnglish a242 bEVE aEvely, Louis aIn The Christian SpiritcLouis Evely; translated by Brain and Marie Claude Thompson aLondonbBurns & Oatesc1969 a107p.  aLiterature - religion aBrain; tr. aLCLIB  cBK c23311d73790 00102ddc4070aMAINbMAINd2013-11-04l0o242 EVE 17879pB25936r2013-11-04w2013-11-04yBKf